<?xml version="1.0" encoding="UTF-8"?>
<record
    xmlns:xsi="http://www.w3.org/2001/XMLSchema-instance"
    xsi:schemaLocation="http://www.loc.gov/MARC21/slim http://www.loc.gov/standards/marcxml/schema/MARC21slim.xsd"
    xmlns="http://www.loc.gov/MARC21/slim">

  <leader>01934nam a22002417a 4500</leader>
  <controlfield tag="003">OSt</controlfield>
  <controlfield tag="005">20211117132731.0</controlfield>
  <controlfield tag="008">120726t        xxu||||| |||| 00| 0 eng d</controlfield>
  <datafield tag="020" ind1=" " ind2=" ">
    <subfield code="a">9781260084016</subfield>
  </datafield>
  <datafield tag="020" ind1=" " ind2=" ">
    <subfield code="a">1260084019</subfield>
  </datafield>
  <datafield tag="040" ind1=" " ind2=" ">
    <subfield code="c">LC</subfield>
  </datafield>
  <datafield tag="050" ind1=" " ind2=" ">
    <subfield code="a">RC1210.P92</subfield>
  </datafield>
  <datafield tag="100" ind1=" " ind2=" ">
    <subfield code="q">Prentice,  William E.</subfield>
  </datafield>
  <datafield tag="245" ind1=" " ind2=" ">
    <subfield code="a">Principles of athletic training: a guide to evidence-based clinical practice. /</subfield>
    <subfield code="c">William E. Prentice</subfield>
  </datafield>
  <datafield tag="250" ind1=" " ind2=" ">
    <subfield code="a">16th ed.</subfield>
  </datafield>
  <datafield tag="260" ind1=" " ind2=" ">
    <subfield code="a">New York:</subfield>
    <subfield code="b">McGraw Hill,</subfield>
    <subfield code="c">2017.</subfield>
  </datafield>
  <datafield tag="300" ind1=" " ind2=" ">
    <subfield code="a">xix, 986 p.:</subfield>
    <subfield code="b">ill.;</subfield>
  </datafield>
  <datafield tag="500" ind1=" " ind2=" ">
    <subfield code="a">Includes index.</subfield>
  </datafield>
  <datafield tag="505" ind1=" " ind2=" ">
    <subfield code="a">Contents: 1. Professional development and responsibilities: The athletic as a health care provider -- Health care organization and administration in athletic training -- Legal concerns and insurance issues -- 2. Risk management: Fitness and conditioning techniques -- Nutrition and supplements -- Environmental considerations -- Protective equipment -- Wrapping and taping -- 3. Pathology of sports injury: Mechanism and characteristics of musculoskeletal and nerve trauma -- Tissue response to injury -- 4. Management skills: psychosocial intervention for sports injuries and illnesses -- On-the field acute care and emergency procedures -- Off-the-field injury evaluation -- Infectious disease, bloodborne pathogens and universal precautions -- Using therapeutic modalities -- Using therapeutic exercise i rehabilitation -- Pharmacology, drugs, and sports -- 5.Musculoskeletal conditions: The foot -- The ankle and lower leg -- The knee and related structures --  The thigh, hip, groin, and pelvis -- The shoulder complex -- The elbow -- The forearm, wrist, hand, and fingers -- The spine -- General medical conditions: The head, face, eye, ears, nose, and throat -- The thorax and abdomen -- Skin disorders -- Additional general medical conditions --   </subfield>
  </datafield>
  <datafield tag="650" ind1=" " ind2=" ">
    <subfield code="a">Physical education and training. </subfield>
  </datafield>
  <datafield tag="650" ind1=" " ind2=" ">
    <subfield code="a">Sports</subfield>
    <subfield code="x"> education. </subfield>
  </datafield>
  <datafield tag="942" ind1=" " ind2=" ">
    <subfield code="2">lcc</subfield>
    <subfield code="c">BK</subfield>
  </datafield>
  <datafield tag="999" ind1=" " ind2=" ">
    <subfield code="c">8001</subfield>
    <subfield code="d">15501</subfield>
  </datafield>
  <datafield tag="952" ind1=" " ind2=" ">
    <subfield code="0">0</subfield>
    <subfield code="1">0</subfield>
    <subfield code="2">lcc</subfield>
    <subfield code="4">0</subfield>
    <subfield code="7">0</subfield>
    <subfield code="a">WIUC-KL</subfield>
    <subfield code="b">WIUC-KL</subfield>
    <subfield code="c">NURS L.</subfield>
    <subfield code="d">2019-08-07</subfield>
    <subfield code="l">0</subfield>
    <subfield code="o">RC1210.P92(16e)</subfield>
    <subfield code="p">KSN/433/19</subfield>
    <subfield code="r">2021-11-16 00:00:00</subfield>
    <subfield code="w">2021-11-16</subfield>
    <subfield code="y">BK</subfield>
  </datafield>
</record>
